000
00375nam a2200133Ia 4500
008
191206s9999 xx 000 0 und d
020
_a
702129208
090
_a
HC905S684
245
0
_a
South Africa: prospects for successful transition
260
_a
Juta
260
_c
cc1992
300
_a
"xxiii, 314 p. : ill. ; 24 cm."
999
_c
16937
_d
16937